000 00311 a2200157 4500
001 58112
020 _a
040 _cAnchieta - Pituba
100 _aLemos, Afrânio Pires
240 1 0 _aJanaína
_lpor
245 1 0 _aJanaína
300 _a70
362 0 _a1985
650 4 _aPoesia brasileira
942 _cBK
999 _c58112
_d58112